000 00713nam a2200253Ia 4500
003 OSt
005 20220928124112.0
006 a|||||r|||| 00| 0
007 ta
008 220927b |||||||| |||| 00| 0 eng d
024 _a82432
037 _cTextual
040 _aSDCL
_cSDCL
_beng
041 _2eng
_aeng
082 _aX:327, P7
100 _aCorsi Patrick Ed.
_9463370
245 0 _aInnovation engineering
_b The power of intangible networks
260 _aLondon
_bISTE
_c2007
300 _axv,400p.
_ccm.
650 _aInnovation
_9434846
700 _a Richir Simon Ed.
_9463371
942 _hX:327, P7
_cTEXL
_2CC
999 _c776288
_d776288